000 01033nam a2200229Ii 4500
003 JO-AjNU
008 230605s9999||||xx |||||||||||||| ||und||
017 _a2012/10/3874
020 _a978-9957-33-381-8
040 _aJO-AjNU
_bara
_erda
_cJO-AjNU
041 _aara
050 1 4 _aHF5548.4.M523.N34.2013
100 3 _aتألبف نجم، عبود نجم,
_eauthor
_945656
245 0 0 _aمدخل الى الاساليب الكمية مع التطبيقات باستخدام (Microsoft Excel):النماذج الاحتمالية ،الكتاب الثاني
250 _aط1
264 3 1 _aعمان:مؤسسة الوراق للنشر والتوزيع؛2013
300 _aالكتاب الثاني، 437ص
_bيحتوي على ملاحق من ص 427-437ص،يحتوي على ببلوغرافية من ص418-424ص
336 _atext
_btxt
_2rdacontent
337 _aunmediated
_bn
_2rdamedia
338 _avolume
_bnc
_2rdacarrier
650 4 _aالطرق الإحصائية - معالجة البيانات إلكترونيا
_945657
999 _aA19807
_c23375
_d23375